<?xml version="1.0" encoding="UTF-8"?>
<collection xmlns="http://www.loc.gov/MARC21/slim">
    <record>
        <controlfield tag="001">6052</controlfield>
        <controlfield tag="005">20170831220335.0</controlfield>
        <datafield tag="037" ind1=" " ind2=" ">
            <subfield code="a">TAZ-TFM-2011-019</subfield>
        </datafield>
        <datafield tag="041" ind1=" " ind2=" ">
            <subfield code="a">spa</subfield>
        </datafield>
        <datafield tag="100" ind1="1" ind2=" ">
            <subfield code="a">Iglesias Amella, Mateo</subfield>
        </datafield>
        <datafield tag="245" ind1="0" ind2="0">
            <subfield code="a">Procesado digital de señal aplicado a la compatibilidad electromagnética en sistemas ferroviarios de señalización y comunicación</subfield>
        </datafield>
        <datafield tag="260" ind1=" " ind2=" ">
            <subfield code="a">Zaragoza</subfield>
            <subfield code="b">Universidad de Zaragoza</subfield>
            <subfield code="c">2011</subfield>
        </datafield>
        <datafield tag="506" ind1=" " ind2=" ">
            <subfield code="a">by-nc-sa</subfield>
            <subfield code="b">Creative Commons</subfield>
            <subfield code="c">3.0</subfield>
            <subfield code="u">http://creativecommons.org/licenses/by-nc-sa/3.0/</subfield>
        </datafield>
        <datafield tag="500" ind1=" " ind2=" ">
            <subfield code="a">The objective of this Master Thesis is, first of all, the study of the digital signal processing which is required to achieve the electromagnetic compatibility of the rolling stock with the railway signalling systems (through the electromagnetic compatibility with the track circuits) and the electromagnetic compatibility of the rolling stock with the telecommunication railway systems (through the measurement of the psophometric current). Secondly, the present Master Thesis is aimed at developing a measurement, acquisition and processing tool for the harmonic currents which allows to achieve both electromagnetic compatibilities. Additionally, a spectral estimation functionality will be added to the application.</subfield>
        </datafield>
        <datafield tag="520" ind1=" " ind2=" ">
            <subfield code="a">El objetivo del proyecto fin de máster (PFM) es en primer lugar el estudio del procesado digital de señal necesario para garantizar la compatibilidad electromagnética del material rodante con los sistemas de señalización ferroviarios (a través de la compatibilidad electromagnética con circuitos vía) y la compatibilidad electromagnética del material rodante con sistemas ferroviarios de telecomunicación (a través de la medida de la corriente sofomética) y en segundo lugar el desarrollo de una herramienta para la medida, adquisición y procesado de las corrientes armónicas que permitan garantiza ambas compatibilidades electromagnéticas. Adicionalmente se dotará a la aplicación de una funcionalidad de estimación espectral.</subfield>
        </datafield>
        <datafield tag="521" ind1=" " ind2=" ">
            <subfield code="a">Máster Universitario en Tecnología de la Información y Comunicaciones en Redes Móviles</subfield>
        </datafield>
        <datafield tag="540" ind1=" " ind2=" ">
            <subfield code="a">Derechos regulados por licencia Creative Commons</subfield>
        </datafield>
        <datafield tag="653" ind1="1" ind2=" ">
            <subfield code="a">procesado de señal</subfield>
        </datafield>
        <datafield tag="653" ind1="1" ind2=" ">
            <subfield code="a">estimación espectral</subfield>
        </datafield>
        <datafield tag="653" ind1="1" ind2=" ">
            <subfield code="a">compatibilidad electromagnética</subfield>
        </datafield>
        <datafield tag="653" ind1="1" ind2=" ">
            <subfield code="a">señalización ferroviaria</subfield>
        </datafield>
        <datafield tag="653" ind1="1" ind2=" ">
            <subfield code="a">comunicación ferroviaria</subfield>
        </datafield>
        <datafield tag="653" ind1="1" ind2=" ">
            <subfield code="a">interferencias</subfield>
        </datafield>
        <datafield tag="700" ind1=" " ind2=" ">
            <subfield code="a">Ortega Giménez, Alfonso</subfield>
            <subfield code="e">dir.</subfield>
        </datafield>
        <datafield tag="710" ind1="2" ind2=" ">
            <subfield code="a">Universidad de Zaragoza</subfield>
            <subfield code="b">Ingeniería Electrónica y Comunicaciones</subfield>
            <subfield code="c">Teoría de la Señal y Comunicaciones</subfield>
        </datafield>
        <datafield tag="830" ind1=" " ind2=" ">
            <subfield code="a">CPS</subfield>
        </datafield>
        <datafield tag="856" ind1="0" ind2=" ">
            <subfield code="f">409945@celes.unizar.es</subfield>
        </datafield>
        <datafield tag="856" ind1="4" ind2=" ">
            <subfield code="s">2611252</subfield>
            <subfield code="u">http://zaguan.unizar.es/record/6052/files/TAZ-TFM-2011-019.pdf</subfield>
            <subfield code="y">Memoria (spa)</subfield>
        </datafield>
        <datafield tag="909" ind1="C" ind2="O">
            <subfield code="o">oai:zaguan.unizar.es:6052</subfield>
            <subfield code="p">trabajos-fin-master</subfield>
            <subfield code="p">driver</subfield>
        </datafield>
        <datafield tag="950" ind1=" " ind2=" ">
            <subfield code="a"></subfield>
        </datafield>
        <datafield tag="980" ind1=" " ind2=" ">
            <subfield code="a">TAZ</subfield>
            <subfield code="b">TFM</subfield>
            <subfield code="c">CPS</subfield>
        </datafield>
    </record>

    
</collection>